LEADER 01204nam2 2200301 i 450 001 NAP0307435 005 20231121125600.0 010 $a8887111421 020 $aIT$b2004-9998 100 $a20140708d2003 ||||0itac50 ba 101 | $aita 102 $ait 181 1$6z01$ai $bxxxe 182 1$6z01$an 200 0 $a[1-2]$fBernardo De Dominici 210 $aNapoli$cPaparo$d[2003] 215 $aXLIX, 1173 p.$d25 cm 300 $aNell'occhietto: Università degli studi di Napoli Federico II, Dipartimento di discipline storiche Ettore Lepore 300 $aContiene con proprio front. interno il v. 1 e 2 dell'ed. orig. 461 1$1001NAP0307394$12001 $aVite de' pittori, scultori ed architetti napoletani$fBernardo De Dominici$gedizione commentata a cura di Fiorella Sricchia Santoro e Andrea Zezza$v1 801 3$aIT$bIT-01$c20140708 850 $aIT-FR0017 899 $aBiblioteca umanistica Giorgio Aprea$bFR0017 $eN 912 $aNAP0307435 950 2$aBiblioteca umanistica Giorgio Aprea$d 52MAG 8/461.1/2$e 52FLS0000387355 VMN RS $fA $h20140708$i20140708 977 $a 52 996 $a1-2$91576245 997 $aUNICAS